[Event "Gorges op 22th"]
[Site "Gorges"]
[Date "2012.07.12"]
[Round "6"]
[White "Potier, Marie"]
[Black "Popov, Boris"]
[Result "1/2-1/2"]
[WhiteElo "1561"]
[BlackElo "1600"]
[PlyCount "61"]
[EventDate "2012.07.08"]
[EventType "swiss"]
[EventRounds "7"]
[EventCountry "FRA"]
[SourceTitle "CBM 149 Extra"]
[Source "ChessBase"]
[SourceDate "2012.08.24"]
[SourceVersion "1"]
[SourceVersionDate "2012.08.24"]
[SourceQuality "1"]

1. e4 c6 2. d4 d5 3. Nc3 dxe4 4. Nxe4 Nf6 5. Nc3 Bg4 6. Be2 Bxe2 7. Ngxe2 e6 8. Bf4 Bd6 9. 0-0 Qc7 10. Qd2 Nbd7 11. Na4 0-0 12. b4 Rad8 13. c3 e5 14. Bg3 Ne4 15. Qe3 Nxg3 16. Nxg3 f5 17. Qg5 h6 18. Qh5 exd4 19. cxd4 Bxg3 20. fxg3 Nb6 21. Nc5 Qf7 22. Qxf7+ Rxf7 23. Ne6 Rdd7 24. Rae1 Nd5 25. Nc5 Rd6 26. Re8+ Kh7 27. a3 Nc3 28. Ne6 Ne2+ 29. Kh1 Nxd4 30. Nf8+ Kg8 31. Ng6+ 1/2-1/2

[Event "Gorges op 22th"]
[Site "Gorges"]
[Date "2012.07.11"]
[Round "4"]
[White "Potier, Marie"]
[Black "Batard, David"]
[Result "0-1"]
[WhiteElo "1561"]
[BlackElo "1987"]
[PlyCount "98"]
[EventDate "2012.07.08"]
[EventType "swiss"]
[EventRounds "7"]
[EventCountry "FRA"]
[SourceTitle "CBM 149 Extra"]
[Source "ChessBase"]
[SourceDate "2012.08.24"]
[SourceVersion "1"]
[SourceVersionDate "2012.08.24"]
[SourceQuality "1"]

1. e4 d6 2. d4 g6 3. Nf3 Bg7 4. Be3 Nf6 5. Nbd2 0-0 6. Bd3 e5 7. 0-0 Nc6 8. c3 h6 9. h3 a5 10. Rb1 Kh8 11. a4 Nh7 12. Qc2 Qe7 13. Rfe1 Bd7 14. b3 Rae8 15. Nf1 f5 16. dxe5 dxe5 17. exf5 gxf5 18. Bc4 f4 19. Bd2 Bf5 20. Bd3 e4 21. Qb2 Qd6 22. Nh4 Qxd3 23. Rbd1 Qd8 24. Nxf5 Rxf5 25. Qc2 Qe7 26. g4 Rff8 27. Re2 Ng5 28. Kh2 Nf3+ 29. Kg2 Nxd2 30. Rexd2 e3 31. fxe3 fxe3 32. Rd7 Qh4 33. Qg6 Qf6 34. Qxf6 Rxf6 35. Rxc7 e2 36. Re1 exf1Q+ 37. Rxf1 Rxf1 38. Kxf1 Re7 39. Rxe7 Nxe7 40. c4 Bd4 41. Ke2 Kg7 42. Kd3 Nc6 43. h4 Kf6 44. Ke4 Ke6 45. g5 hxg5 46. hxg5 Kd6 47. g6 Kc5 48. Kd3 Kb4 49. Kc2 Bg7 0-1

[Event "Gorges op 22th"]
[Site "Gorges"]
[Date "2012.07.11"]
[Round "5"]
[White "Templier, Benoit"]
[Black "Potier, Marie"]
[Result "1-0"]
[WhiteElo "1687"]
[BlackElo "1561"]
[PlyCount "81"]
[EventDate "2012.07.08"]
[EventType "swiss"]
[EventRounds "7"]
[EventCountry "FRA"]
[SourceTitle "CBM 149 Extra"]
[Source "ChessBase"]
[SourceDate "2012.08.24"]
[SourceVersion "1"]
[SourceVersionDate "2012.08.24"]
[SourceQuality "1"]

1. c4 e5 2. Nc3 g6 3. Nf3 Bg7 4. e4 d6 5. Be2 Be6 6. 0-0 Nf6 7. d4 0-0 8. d5 Bg4 9. Ne1 Bxe2 10. Qxe2 c6 11. Be3 cxd5 12. cxd5 Nbd7 13. Nd3 b6 14. f3 Nc5 15. Nb4 Qd7 16. Nc6 Nb7 17. Rac1 Nd8 18. Nb5 Nxc6 19. Rxc6 Ne8 20. Rfc1 a6 21. Nc7 Nxc7 22. Rxc7 Qd8 23. Bxb6 Rb8 24. Qxa6 Bh6 25. R1c2 Bf4 26. b3 Qh4 27. g3 Qg5 28. Bf2 Bd2 29. Qxd6 h5 30. Qe7 Qh6 31. Qxe5 h4 32. d6 hxg3 33. hxg3 Rbe8 34. Qd5 Bg5 35. d7 Rb8 36. Rc8 Kh7 37. Rxb8 Rxb8 38. Qxf7+ Qg7 39. Qxg7+ Kxg7 40. Rc7 Kh6 41. Rc8 1-0